000 00483 a2200157 4500
020 _a 9698967001
040 _aDLC
_bDLC
082 _a920.725491
100 _a Rasheed Fatimah
245 _aRasheed Fatimah, 1937-1987: an autobiography in letters
_cRasheed Fatimah
260 _aLahore :
_bIrfan Imtiazi,
_c2006.
300 _axiv, 774 p. ;
_c 23 cm.
500 _aIncludes Index
650 _a1.Rasheed Fatimah, 1937-1987. 2.Pakistan --Biography.
942 _cBK
_k920.725491 RAS
_2ddc
999 _c5110
_d5110